Cuentos completos de los Hermanos Grimm / (Record no. 75901)

MARC details
000 -LEADER
campo de control de longitud fija 00849nam a2200229 i 4500
001 - NÚMERO DE CONTROL
campo de control 75901
003 - IDENTIFICADOR DE NÚMERO DE CONTROL
campo de control ES-MaACL
005 - FECHA Y HORA DE LA ÚLTIMA TRANSACCIÓN
campo de control 20230906172639.0
007 - CAMPO FIJO DE DESCRIPCIÓN FÍSICA--INFORMACIÓN GENERAL
campo de control de longitud fija t|
008 - DATOS DE LONGITUD FIJA--INFORMACIÓN GENERAL
campo de control de longitud fija 040928s1955 sp ||||1| spa d
100 1# - ENTRADA PRINCIPAL--NOMBRE DE PERSONA
Nombre de persona Grimm, Jacob (
Fechas asociadas al nombre 1785-1863)
9 (RLIN) 60060
245 10 - MENCIÓN DEL TÍTULO
Título Cuentos completos de los Hermanos Grimm /
Mención de responsabilidad, etc. Jakob Ludwig Karl Grimm ; traducción directa del alemán por Francisco Payarols ; revisión y prólogo por Eduardo Valentí.
260 ## - PUBLICACIÓN, DISTRIBUCIÓN, ETC.
Lugar de publicación, distribución, etc. Barcelona :
Nombre del editor, distribuidor, etc. Labor,
Fecha de publicación, distribución, etc. 1955 (
Fabricante Talls. Gráf. Ibero-Americanos)
300 ## - DESCRIPCIÓN FÍSICA
Extensión XX, 699 p., 8 lám. :
Otras características físicas il. ;
Dimensiones 22 cm.
490 1# - MENCIÓN DE SERIE
Mención de serie Obras eternas
700 1# - ENTRADA AGREGADA--NOMBRE PERSONAL
Nombre de persona Payarols, Francisco.
9 (RLIN) 89715
700 1# - ENTRADA AGREGADA--NOMBRE PERSONAL
Nombre de persona Valentí Fiol, Eduardo.
9 (RLIN) 112600
700 1# - ENTRADA AGREGADA--NOMBRE PERSONAL
Nombre de persona Grimm, Wilhelm (
Fechas asociadas al nombre 1786-1859)
9 (RLIN) 168467
830 0# - PUNTO DE ACCESO ADICIONAL DE SERIE-TÍTULO UNIFORME
Título uniforme Obras eternas
9 (RLIN) 183511
852 ## - LOCALIZACIÓN
Ubicación ES-MaACL
Número de control de estantería C-11295
Sublocalización o colección R.38354
Holdings
Estatus retirado Estado de pérdida Estado de daño No para préstamo Biblioteca de origen Biblioteca actual Ubicación en estantería Fecha de adquisición Fuente de adquisición Total de préstamos Signatura topográfica completa Código de barras Visto por última vez Precio de reemplazo Tipo de ítem Koha
        Biblioteca del Ateneo de Madrid Biblioteca del Ateneo de Madrid Sala Palomar 17/01/2008     C-11295 1079439 23/02/2023 23/02/2023 Libro impreso